000 01150cpcaa2200265 a 4500
001 mm 80005606
003 DLC
005 20260227111703.0
008 800115|||||||||||| eng
010 _amm 80005606
040 _aDLC
_cDLC
_dDLC
_edacs
072 7 _aW
_2lcmd
110 1 _aUnited States.
_bBureau of Refugees, Freedmen, and Abandoned Lands.
245 0 0 _aGeneral orders of the U.S. Bureau of Refugees, Freedmen, and Abandoned Lands,
_f1865.
300 _a1
_fitem.
506 0 _aOpen to research.
520 8 _aCopy of general orders from Orlando Brown, assistant commander for Virginia, outlining regulations for the restoration of abandoned lands to original owners during Reconstruction.
533 _aHandwritten transcript.
_b[S.l.].
546 _aCollection material in English.
580 _aForms part of: Miscellaneous Manuscripts collection.
600 1 0 _aBrown, Orlando,
_d1827-1904.
650 0 _aLand tenure
_zVirginia.
650 0 _aReconstruction (U.S. history, 1865-1877)
_zVirginia.
999 _c42765
_d42765